| Поле | Инд. | ПП | Название | Значение |
|---|---|---|---|---|
| Тип записи | a | |||
| Библиографический уровень | b | |||
| 001 | Контрольный номер | RU/IS/BASE/107544540 | ||
| 005 | Дата корректировки | 20200727205005.3 | ||
| 084 | a | Индекс другой классификации/Индекс ББК | 60.542.5-45; 60.561.9; 74.202.42 | |
| 100 | 1_ | a | Автор | Ярская-Смирнова Е. Р. |
| 245 | 10 | a | Заглавие | Инклюзивное образование детей-инвалидов |
| 504 | a | Библиография | Библиогр.: 14 назв. | |
| 520 | 0_ | a | Аннотация | Рассматриваются зарубежный опыт, проблемы и перспективы образовательной интеграции детей-инвалидов в России |
| 650 | 04 | a | Основная рубрика | образование |
| a | Основная рубрика | общее образование (школьное образование) | ||
| a | Основная рубрика | социология | ||
| a | Основная рубрика | социология групп | ||
| a | Основная рубрика | социология образования | ||
| 653 | 0_ | a | Ключевые слова | дети-инвалиды |
| a | Ключевые слова | инвалиды | ||
| a | Ключевые слова | инклюзивное образование | ||
| a | Ключевые слова | образовательная среда | ||
| a | Ключевые слова | социальное неравенство | ||
| 700 | 12 | a | Автор | Лошакова И. И. |
| 773 | 18 | t | Заглавие источника | Социологические исследования |
| d | Дата издания источника | 2003 | ||
| g | Прочая информация | № 5. - С. 100 - 106 | ||
| w | Контрольный № источника | RU/IS/BASE/106666237 | ||
| 901 | t | Тип документа | b |